000
00267nam a2200121Ia 4500
008
190216s9999||||xx |||||||||||||| ||und||
100
_a
Kakanadan
245
0
_a
Gyalary
260
_b
Poorna Pubs Kozhikode
300
_a
192
650
_a
Essay Malayalam
942
_c
BK
999
_c
27482
_d
27482